Yüklüyor......

Economic growth /

Detaylı Bibliyografya
Yazar: Barro, Robert J.
Diğer Yazarlar: Sala-i-Martin, Xavier
Materyal Türü: Printed Book
Dil:English
Baskı/Yayın Bilgisi: Delhi: PHI Learning Private Limited, 2016.
Edisyon:2nd ed.
Konular:
LEADER 01172 a2200205 4500
008 100208b ||||| |||| 00| 0 eng d
020 |a 9788120325517 
082 |a 338.9 
100 |a Barro, Robert J. 
245 |a Economic growth /  |c Robert J Barro and Xavier Sala-i-Martin 
250 |a 2nd ed. 
260 |a Delhi:  |b PHI Learning Private Limited,  |c 2016. 
300 |3 654 p. 
650 |a economic development--mathematical models 
700 |a Sala-i-Martin, Xavier. 
942 |c BK 
999 |c 318692  |d 318692 
952 |0 0  |1 0  |2 ddc  |4 0  |6 338_900000000000000_BAR_E  |7 0  |8 RUSA  |9 364907  |a ECN  |b ECN  |c ST1  |d 2017-10-11  |e The Book shop, Publication Division, University of Calicut  |i 9070  |l 0  |o 338.9 BAR/ E  |p ECN9070  |r 2017-10-11  |w 2017-10-11  |y BK 
952 |0 0  |1 0  |2 ddc  |4 0  |6 338_900000000000000_BAR_E1  |7 0  |8 RUSA  |9 364908  |a ECN  |b ECN  |c ST1  |d 2017-10-11  |e The Book shop, Publication Division, University of Calicut  |i 9068  |l 3  |o 338.9 BAR/ E;1  |p ECN9068  |r 2019-12-10  |s 2019-07-24  |w 2017-10-11  |y BK 
952 |0 0  |1 0  |2 ddc  |4 0  |6 338_900000000000000_BAR_E2  |7 0  |8 RUSA  |9 364909  |a ECN  |b ECN  |c ST1  |d 2017-10-11  |e The Book shop, Publication Division, University of Calicut  |i 9069  |l 0  |o 338.9 BAR/ E;2  |p ECN9069  |r 2018-06-04  |w 2017-10-11  |y BK